Piracies / (Record no. 193917)
[ view plain ]
| 000 -LEADER | |
|---|---|
| fixed length control field | 00850 a2200157 4500 |
| 003 - CONTROL NUMBER IDENTIFIER | |
| control field | Nust |
| 005 - DATE AND TIME OF LATEST TRANSACTION | |
| control field | 20230314100246.0 |
| 040 ## - CATALOGING SOURCE | |
| Transcribing agency | Nust |
| 082 ## - DEWEY DECIMAL CLASSIFICATION NUMBER | |
| Classification number | 364.1649,BOK |
| 100 ## - MAIN ENTRY--PERSONAL NAME | |
| Personal name | Bok |
| 9 (RLIN) | 110222 |
| 245 ## - TITLE STATEMENT | |
| Title | Piracies / |
| 260 ## - PUBLICATION, DISTRIBUTION, ETC. | |
| Place of publication, distribution, etc. | London |
| Name of publisher, distributor, etc. | Herbert Jenkis Limited |
| Date of publication, distribution, etc. | 1938 |
| 300 ## - PHYSICAL DESCRIPTION | |
| Extent | 282 pges |
| 505 ## - FORMATTED CONTENTS NOTE | |
| Formatted contents note | The Dream (Page-9), Stratagems (Page-31), The City of nine Dragons (Page-34), Sailing Day (Page-51), Pirate Gold (Page-80), A Celestial Tenderizing (Page-97), Lead for Gold (Page-106), The Signal Station (Page-121), Dogs of the Law (Page-123), Lading the Loot (Page-132), Again to Business (Page-143), Fire on the High Seas (Page-156), Intimation (Page-189), The Patrol (Page-207), Disappointment and a Narrow Escape (Page-212), When thieves Fall Out (Page-243), Enter Delilah (Page-261), The End of the Dream (Page-277). |
| 942 ## - ADDED ENTRY ELEMENTS (KOHA) | |
| Source of classification or shelving scheme | |
| Koha item type | Book |
| Withdrawn status | Lost status | Source of classification or shelving scheme | Damaged status | Not for loan | Permanent Location | Current Location | Shelving location | Date acquired | Full call number | Barcode | Date last seen | Price effective from | Koha item type | Public note |
|---|---|---|---|---|---|---|---|---|---|---|---|---|---|---|
| Military College of Signals (MCS) | Military College of Signals (MCS) | General Stacks | 12/12/2016 | 364.1649,BOK | MCS29027 | 12/08/2016 | 12/12/2016 | Book | Almirah No.74, Shelf No.3 |
